Представление документа в формате MARC21

Поле Инд. ПП Название Значение
Тип записи a
Библиографический уровень b
001 Контрольный номер 91c5f855285544cebda7e383f904ee6d
005 Дата корректировки 20260528105123.1
024 80 a Стандартный номер 10.1016/j.jeurceramsoc.2026.118489
040 a Служба первич. каталог. Scopus
b Код языка каталог. rus
041 0_ a Код языка текста eng
097 a Костяева О.Г.
100 1_ a Автор Zhou D.
100 1_ a Автор Liu X.
100 1_ a Автор Xiong S.
100 1_ a Автор Krivchenko V. A.
c Титул (звания) кандидат физико-математических наук;
i 100093047
k Кафедра химии, новых технологий и материалов; Факультет естественных и инженерных наук
q Полное имя Кривченко Виктор Александрович
u Дополнение Кривченко В. А.
j Принадлежность неизвестного автора к последователям, ученикам, сторонникам, школе и т. д. государственный университет "Дубна"
100 1_ a Автор Kapitanova O. O.
c Титул (звания) старший научный сотрудник; кандидат химических наук
j Принадлежность неизвестного автора к последователям, ученикам, сторонникам, школе и т. д. государственный университет "Дубна"
k научно-исследовательский и конструкторско-технологический центр электрохимической техники
q Полное имя Капитанова О. О.
245 10 a Заглавие Co-firing assisted apollonian packing strategy enabling a compact NASICON electrolyte for solid-state lithium batteries
513 a отобрано
773 18 t Название источника Journal of the European Ceramic Society
c Netherlands
d Место и дата издания 2026
m Специф. данные входит в Белый список; входит в Scopus; зарубежный журнал; ненулевой импакт-фактор
x ISSN 0955-2219
b Сведения об издании Elsevier B.V.
q У1 Белый список; Q1 Scopus 2025
o Прочие индексы SJR 1.154
g Прочая информация V. 46(13). - P. 118489
w Контрольный № источника 44bba25e44e04058b6a209ac5a7c39e6
901 t Тип документа b
952 c Вид литературы статья в журнале